000 01441nam a2200349 a 4500
001 ebr10722565
003 CaPaEBR
006 m o u
007 cr cn|||||||||
008 130705s2002 enka sb 001 0 eng d
020 _z9780471497165
020 _z9780471497158
020 _z9781118685624 (e-book)
040 _aCaPaEBR
_cCaPaEBR
050 1 4 _aRA409
_b.F65 2002eb
082 0 4 _a610/.21
_221
100 1 _aFowler, Jim,
_d1943-
245 1 0 _aPractical statistics for nursing and health care
_h[electronic resource]
_cJim Fowler, Phil Jarvis and Mel Chevannes.
260 _aChichester, West Sussex, U.K. :
_bJohn Wiley & Sons,
_cc2002.
300 _a1 online resource (xiv, 213 p.) :
_bill., graphs.
504 _aIncludes bibliographical references and index.
533 _aElectronic reproduction.
_bPalo Alto, Calif. :
_cebrary,
_d2013.
_nAvailable via World Wide Web.
_nAccess may be limited to ebrary affiliated libraries.
588 _aDescription based on online resource; title from title page (ebrary, viewed July 5, 2013).
650 0 _aMedical statistics.
650 0 _aNursing
_xResearch
_xStatistical methods.
655 7 _aElectronic books.
_2local
700 1 _aJarvis, Phil.
700 1 _aChevannes, Mel.
710 2 _aebrary, Inc.
856 4 0 _uhttp://site.ebrary.com/lib/rucke/Doc?id=10722565
_zAn electronic book accessible through the World Wide Web; click to view
922 _aInnodata Copy
999 _c39417
_d39417